| 000 | 01233cam a22003257a 4500 | ||
|---|---|---|---|
| 001 | 16950557 | ||
| 005 | 20160211192743.0 | ||
| 008 | 110907s2011 ilua 001 0 eng d | ||
| 010 | _a 2011284212 | ||
| 020 | _a9781584262909 (pbk.) | ||
| 020 | _a1584262907 (pbk.) | ||
| 035 | _a(OCoLC)ocn703548478 | ||
| 040 |
_aYDXCP _cYDXCP _dBRC _dDLC |
||
| 042 | _alccopycat | ||
| 050 | 0 | 0 |
_aRB 115 .S658 2011 _b.S658 2011 |
| 082 | 0 | 0 |
_a610.1/4 _223 |
| 100 | 1 | _aSmith, Gail I. | |
| 245 | 1 | 0 | _aBasic current procedural terminology and HCPCS coding |
| 260 |
_aChicago, IL : _bAmerican Health Information Management Association, _cc2011. |
||
| 300 |
_axi, 369 p. : _bill. ; _c28 cm. |
||
| 504 | _aIncludes bibliographical references and index. | ||
| 650 | 0 |
_aNosology _vHandbooks, manuals, etc. |
|
| 650 | 0 | _aMedical records. | |
| 650 | 0 |
_aMedicine _vNomenclature. |
|
| 650 | 0 |
_aMedicine _vTerminology _vCode numbers. |
|
| 710 | 2 | _aAmerican Health Information Management Association. | |
| 906 |
_a7 _bcbc _ccopycat _d2 _encip _f20 _gy-gencatlg |
||
| 942 |
_2lcc _cBOOKS _hRB 115 .S658 2011 |
||
| 999 |
_c10264 _d10264 |
||